Name that Wonder of the World - Statistics

General Stats
  • This quiz has been taken 26 times
  • The average score is 5 of 7
Answer Stats
Picture Answer % Correct
Great Wall of China
95%
Taj Mahal
85%
Colosseum
80%
Machu Picchu
75%
Christ the Redeemer
65%
Petra
50%
Chichén Itzá
15%
No matching quizzes found
Score Distribution
Percent of People with Each Score
Percentile by Number Answered
Your Score History
You have not taken this quiz